| 000 | 00473nam a22001937a 4500 | ||
|---|---|---|---|
| 003 | MPLRDC | ||
| 005 | 20220104123529.0 | ||
| 008 | 210129b ||||| |||| 00| 0 eng d | ||
| 020 | _a7-5359-0971-S | ||
| 082 | _a427.11 LJB | ||
| 100 | _a梁锦彪 | ||
| 245 |
_a家常汤谱 _c |
||
| 250 | _a一版一刷 | ||
| 260 |
_a _b广东科技出版社 _c1992 |
||
| 300 | _b平 | ||
| 490 | _a家庭饮食系列书 | ||
| 650 | _a中菜食谱--汤谱 | ||
| 942 |
_cBK _o427.11 LJB |
||
| 999 |
_c12152 _d12142 |
||